<?xml version="1.0" encoding="UTF-8"?>
<record
    xmlns:xsi="http://www.w3.org/2001/XMLSchema-instance"
    xsi:schemaLocation="http://www.loc.gov/MARC21/slim http://www.loc.gov/standards/marcxml/schema/MARC21slim.xsd"
    xmlns="http://www.loc.gov/MARC21/slim">

  <leader>00971nam a22002657a 4500</leader>
  <controlfield tag="005">20170123162323.0</controlfield>
  <datafield tag="010" ind1=" " ind2=" ">
    <subfield code="a">A-414677</subfield>
  </datafield>
  <datafield tag="020" ind1=" " ind2=" ">
    <subfield code="c">21.00</subfield>
  </datafield>
  <datafield tag="035" ind1=" " ind2=" ">
    <subfield code="a">A-414677</subfield>
  </datafield>
  <datafield tag="037" ind1=" " ind2=" ">
    <subfield code="b">Cen Lib/Ret</subfield>
  </datafield>
  <datafield tag="040" ind1=" " ind2=" ">
    <subfield code="a">DPL</subfield>
    <subfield code="b">UR</subfield>
  </datafield>
  <datafield tag="082" ind1=" " ind2=" ">
    <subfield code="a">921</subfield>
    <subfield code="b">&#x627; &#x628; &#x648; </subfield>
  </datafield>
  <datafield tag="100" ind1=" " ind2=" ">
    <subfield code="a">&#x631;&#x634;&#x6CC;&#x62F; &#x627;&#x644;&#x631;&#x651;&#x6CC;&#x646; &#x62C;&#x627;&#x646;</subfield>
    <subfield code="9">109692</subfield>
  </datafield>
  <datafield tag="245" ind1=" " ind2=" ">
    <subfield code="a"> :&#x645;&#x648;&#x644;&#x627;&#x646;&#x627; &#x627;&#x628;&#x644; &#x6A9;&#x644;&#x627;&#x645;  &#x622;&#x632;&#x627;&#x62F;</subfield>
    <subfield code="c"> &#x631;&#x634;&#x6CC;&#x62F; &#x627;&#x644;&#x631;&#x651;&#x6CC;&#x646; &#x62C;&#x627;&#x646;</subfield>
    <subfield code="b">&#x634;&#x62E;&#x635;&#x6CC;&#x651;&#x62A; &#x633;&#x628;&#x627;&#x633;&#x62A; &#x67E;&#x6CC;&#x63A;&#x627;&#x645; /</subfield>
  </datafield>
  <datafield tag="246" ind1=" " ind2=" ">
    <subfield code="a">Maulana Abul Kalam Azad : shaksiyat sabasat paigham /</subfield>
    <subfield code="b">by Rasheedin Khan </subfield>
  </datafield>
  <datafield tag="260" ind1=" " ind2=" ">
    <subfield code="a">&#x646;&#x6CC;&#x6CC; &#x62F;&#x6C1;&#x644;&#x6CC; </subfield>
    <subfield code="b">&#x62A;&#x631;&#x642;&#x6CC; &#x627;&#x631;&#x62F;&#x648; &#x628;&#x6CC;&#x648;&#x631;&#x648;</subfield>
    <subfield code="c">1989</subfield>
  </datafield>
  <datafield tag="270" ind1=" " ind2=" ">
    <subfield code="b">&#x646;&#x6CC;&#x6CC; &#x62F;&#x6C1;&#x644;&#x6CC; </subfield>
    <subfield code="a">110066</subfield>
    <subfield code="e">&#x648;&#x6CC;&#x633;&#x679; &#x628;&#x644;&#x627;&#x6A9; &#x668;  &#x622;&#x631; &#x6A9;&#x6D2; &#x67E;&#x631;&#x645; </subfield>
  </datafield>
  <datafield tag="300" ind1=" " ind2=" ">
    <subfield code="a">336p.</subfield>
    <subfield code="c">21cm(Hb)</subfield>
  </datafield>
  <datafield tag="500" ind1=" " ind2=" ">
    <subfield code="a">&#x6A9;&#x62A;&#x627;&#x628;&#x6CC;&#x627;&#x62A; &#x634;&#x627;&#x645;&#x644; </subfield>
  </datafield>
  <datafield tag="650" ind1=" " ind2=" ">
    <subfield code="a">&#x627;&#x631;&#x62F;&#x648; &#x627;&#x62F;&#x628; </subfield>
    <subfield code="9">118216</subfield>
  </datafield>
  <datafield tag="650" ind1=" " ind2=" ">
    <subfield code="a">&#x627;&#x631;&#x62F;&#x648; &#x633;&#x648;&#x627;&#x646;&#x6D2; &#x639;&#x645;&#x631;&#x6CC;    </subfield>
    <subfield code="9">118217</subfield>
  </datafield>
  <datafield tag="650" ind1=" " ind2=" ">
    <subfield code="a">Urdu literature </subfield>
    <subfield code="9">118218</subfield>
  </datafield>
  <datafield tag="650" ind1=" " ind2=" ">
    <subfield code="a">Urdu biography </subfield>
    <subfield code="9">511</subfield>
  </datafield>
  <datafield tag="942" ind1=" " ind2=" ">
    <subfield code="2">ddc</subfield>
    <subfield code="c">UR</subfield>
    <subfield code="h">920</subfield>
    <subfield code="m">&#x627; &#x628; &#x648; </subfield>
  </datafield>
  <datafield tag="999" ind1=" " ind2=" ">
    <subfield code="c">107255</subfield>
    <subfield code="d">107255</subfield>
  </datafield>
  <datafield tag="952" ind1=" " ind2=" ">
    <subfield code="0">0</subfield>
    <subfield code="1">0</subfield>
    <subfield code="4">0</subfield>
    <subfield code="7">0</subfield>
    <subfield code="a">L</subfield>
    <subfield code="b">L</subfield>
    <subfield code="d">2016-01-05</subfield>
    <subfield code="e">Cen Lib/Ret</subfield>
    <subfield code="g">21.00</subfield>
    <subfield code="l">0</subfield>
    <subfield code="o">921 &#x627; &#x628; &#x648;</subfield>
    <subfield code="p">A-414677</subfield>
    <subfield code="r">2016-01-05 00:00:00</subfield>
    <subfield code="t">1</subfield>
    <subfield code="v">21.00</subfield>
    <subfield code="w">2016-01-05</subfield>
    <subfield code="y">UR</subfield>
  </datafield>
</record>
